000 00928cab a2200277 4500
001 WB3111-06
008 090401t1995 xxu||||| |||| 00| 0 eng d
035 _a(Sirsi) u29076
041 _aeng
245 _aLondon Docklands
260 _c1995
300 _aLOAN
350 _a0
490 _aDaily Telegraph
_v17 March 1995, 33-34(2)
520 _aConsiders the rejuvenation of London Docklands, after 14 years, highlighting indications that the area is beginning to fulfil its potential, with improved transport links, an increase in employment and house sales and an influx of leading retailers.
650 _aHOUSING MARKET
650 _aInfrastructure
_96246
650 _aLONDON DOCKLANDS DEVELOPMENT CORPORATION
650 _aLONDON DOCKLANDS
650 _aROYAL DOCKS
650 _aTRANSPORT
650 _aUNIVERSITIES
690 _aPROPERTY-COMMERCIAL PROPERTY
942 _n0
948 _c04/03/1997
999 _c19571
_d19571